000 00295nam a22001337a 4500
008 170524b xxu||||| |||| 00| 0 eng d
020 _a9020705512
041 _aeng
080 _a62
100 _a26
101 _aIM
245 _aANNALS OF SYSTEMS RESEARCH
_cROOTSELAAR,B.V
942 _2udc
_cBK
999 _c14014
_d14014